Municipios del Meta - Map Quiz - Estadísticas

Estadísticas generales
  • Esta prueba ha sido intentada 1.393 veces
  • La puntuación promedio es 21 de 29
Respuestas en el mapa
Las respuestas están codificadas por una escala verde-roja en el mapa de la prueba según el % correcto abajo.
 
Estadísticas de respuestas
Respuesta % Correcto
VILLAVICENCIO
97%
ACACIAS
92%
PUERTO LOPEZ
90%
PUERTO GAITAN
88%
GRANADA
82%
CUMARAL
79%
RESTREPO
79%
SAN MARTIN
79%
LA MACARENA
75%
MESETAS
75%
LA URIBE
73%
LEJANIAS
73%
GUAMAL
72%
MAPIRIPAN
71%
BARRANCA DE UPIA
70%
PUERTO LLERAS
67%
EL CALVARIO
66%
PUERTO RICO
65%
SAN JUAN DE ARAMA
65%
FUENTE DE ORO
64%
PUERTO CONCORDIA
64%
VISTAHERMOSA
63%
EL CASTILLO
62%
CASTILLA LA NUEVA
61%
EL DORADO
60%
SAN JUANITO
59%
CABUYARO
58%
SAN CARLOS DE GUAROA
54%
SAN LUIS DE CUBARRAL
49%
No se encontraron pruebas coincidentes
Distribución de puntuación
Porcentaje de gente con cada puntuación
Porcentaje por número respondido
Historial de tus puntuaciones
No has intentado esta prueba.